000 00590nam a2200229Ia 4500
003 OSt
005 20220924145932.0
006 a|||||r|||| 00| 0
007 ta
008 220923b |||||||| |||| 00| 0 tel d
024 _a330974
037 _cTextual
040 _aARTS
_cARTS
_btel
041 _2tel
_atel
082 _aO32,3NVA,1, 35M0
100 _aNair Vasudevan
_9220898
245 0 _aSamishtikutumbam
260 _c1980
650 _aMALAYALAM LITERATURE
_938866
942 _hO32,3NVA,1, 35M0
_cTEXL
_2CC
999 _c461685
_d461685